logo

Bir Sreshtho Munshi Abdur Rouf Library
Jhenaidah Cadet College

The mill on the Floss / (Record no. 6566)

MARC details
000 -LEADER
fixed length control field 00637nam a2200241 a 4500
001 - CONTROL NUMBER
JCCL Control Number 6566
003 - CONTROL NUMBER IDENTIFIER
JCCL marc code UkOxU
005 - DATE AND TIME OF LATEST TRANSACTION
control field 20210329134019.0
008 - FIXED-LENGTH DATA ELEMENTS--GENERAL INFORMATION
fixed length control field 921123r19901860enk d 000 1 eng d
020 ## - INTERNATIONAL STANDARD BOOK NUMBER
International Standard Book Number 1850893837
035 ## - SYSTEM CONTROL NUMBER
system control number (BD-JhCC)
040 ## - CATALOGING SOURCE
Original cataloging agency BD-JhCC
Modifying agency BD-JhCC
041 ## - LANGUAGE CODE
Language code of Book eng
082 ## - DEWEY DECIMAL CLASSIFICATION NUMBER
Classification number 823.8
DDC Edition number 20
Author mark and Year ELI 1951
100 1# - MAIN ENTRY--PERSONAL NAME
Personal name Eliot, George,
Dates associated with a name 1819-1880.
245 14 - TITLE STATEMENT
Title The mill on the Floss /
Statement of responsibility, etc George Eliot,
260 ## - PUBLICATION, DISTRIBUTION, ETC. (IMPRINT)
Place of publication, distribution, etc Oxford :
Name of publisher, distributor, etc Clio,
Date of publication, distribution, etc 1990
300 ## - PHYSICAL DESCRIPTION
Pagination 636 p. :
Dimensions 22cm.
490 0# - SERIES STATEMENT
Series statement Isis clear type classic
500 ## - GENERAL NOTE
General note First published: 1860
650 ## - SUBJECT ADDED ENTRY--TOPICAL TERM
Topical term or geographic name as entry element Contlict of gener ations
General subdivision England
942 ## - ADDED ENTRY ELEMENTS (KOHA)
Source of classification or shelving scheme Dewey Decimal Classification
Koha item type Books
Koha issues (borrowed), all copies 2
Holdings
Source of classification or shelving scheme Damaged status Not for loan Home library Current library Shelving location Total Checkouts Full call number Barcode Checked out Date last seen Date checked out Copy number Koha item type
Dewey Decimal Classification     JCC Rouf Library JCC Rouf Library General Stacks 1 823.8 ELI 1951 8993 05/03/2021 03/28/2021 03/28/2021 C - 1 Books

JCC Library | Contacts | JCC Home

Last Update on 23 September 2017
Copyright @ 2017-2020 JCC Rouf Library
Rouf Library, Jhenidah Cadet College (JCC), Bangladesh